Functional Group Priorities - Statistics

General Stats
  • This quiz has been taken 6 times
  • The average score is 12 of 65
Answer Stats
Answer % Correct
Carboxylic Acid
100%
Ester
67%
-al
33%
Alcohol
33%
Aldehyde
33%
Amide
33%
-amide
33%
amido-
33%
Amine
33%
-amine
33%
amino-
33%
carboxy-
33%
-CHO
33%
C≡N
33%
C=O
33%
-CONH2
33%
-COOH
33%
-COOR
33%
Ether
33%
hydroxy-
33%
Ketone
33%
-NH2
33%
Nitrile
33%
-nitrile
33%
-O-
33%
-oate
33%
-OH
33%
-oic acid
33%
-ol
33%
-one
33%
-SH
33%
Thiol
33%
-thiol
33%
Acid Halide
0%
Alkane
0%
Alkene
0%
[alk]enyl-
0%
[alk]oxy-
0%
[alk]oxycarbonyl-
0%
[alk]yl
0%
Alkyl Halide
0%
Alkyne
0%
[alk]ynyl-
0%
-ane
0%
Arene
0%
-benzene
0%
-C6H5
0%
C=C
0%
C≡C
0%
-COX
0%
C-X
0%
cyano-
0%
-ene
0%
formyl-
0%
[hal]o-
0%
[hal]ocarbonyl-
0%
mercapto-
0%
Nitro
0%
nitro-
0%
-NO2
0%
oxo-
0%
-oyl [hal]ide
0%
phenyl-
0%
-R
0%
-yne
0%
No matching quizzes found
Score Distribution
Percent of People with Each Score
Percentile by Number Answered
Your Score History
You have not taken this quiz